Country by Political Party #3 - Statistics

General Stats
  • This quiz has been taken 74 times
  • The average score is 9 of 15
Answer Stats
Party Country % Correct
Forza Italia Italy
100%
Republican Party (GOP) United States
99%
Bündnis 90/Die Grünen Germany
97%
Fine Gael Ireland
83%
Kōmeitō Japan
83%
Yesh Atid Israel
77%
Golden Dawn Greece
67%
Euskal Herria Bildu (EH Bildu) Spain
63%
Good Party (İYİ Parti) Turkey
54%
Jobbik Hungary
50%
Civic Platform (PO) Poland
46%
Ecolo Belgium
30%
People's Action Party (PAP) Singapore
30%
Nation’s Future Party/Mostaqbal Watan Egypt
27%
All Progressives Congress (APC) Nigeria
19%
No matching quizzes found
Score Distribution
Percent of People with Each Score
Percentile by Number Answered
Your Score History
You have not taken this quiz